Catalog

Record Details

Catalog Search



One less problem without you  Cover Image Large Print Book Large Print Book

One less problem without you / Beth Harbison.

Summary:

"Three women suddenly find themselves together at their own very different crossroads working together at Cosmos, a shop that sells crystals, potions, candles, and hope. It will take hope, love, strength and a little bit of magic for them to find their way together"-- Provided by publisher.

Record details

  • ISBN: 9781683240907
  • ISBN: 1683240901
  • Physical Description: 360 pages (large print) ; 23 cm
  • Edition: Center Point Large Print edition.
  • Publisher: Thorndike, Maine : Center Point Large Print, ©2016.

Content descriptions

General Note:
Originally published: New York : St. Martin's Press, 2016.
Includes recipes.
Subject: Female friendship > Fiction.
Self-realization > Fiction.
Large type books.

Available copies

  • 1 of 1 copy available at scottsboropl.

Holds

  • 0 current holds with 1 total copy.
Show Only Available Copies
Location Call Number / Copy Notes Barcode Shelving Location Status Due Date
scottsboropl F Har 32269000995285 Adult - Fiction Available -

LDR 01552nam a2200373 i 4500
001142093
003CONS
00520160912074800.0
008160517s2016 meu d 000 1 eng
010 . ‡a 2016022744
020 . ‡a9781683240907 ‡q(large print : hardback)
020 . ‡a1683240901 ‡q(large print : hardback)
035 . ‡a(CPomAG)LMN596374
042 . ‡apcc
05010. ‡aPS3558.A564 ‡bO54 2016b
08200. ‡a813/.54 ‡223
1001 . ‡aHarbison, Elizabeth M., ‡eauthor.
24510. ‡aOne less problem without you / ‡cBeth Harbison.
250 . ‡aCenter Point Large Print edition.
264 1. ‡aThorndike, Maine : ‡bCenter Point Large Print, ‡c©2016.
300 . ‡a360 pages (large print) ; ‡c23 cm
336 . ‡atext ‡btxt ‡2rdacontent
337 . ‡aunmediated ‡bn ‡2rdamedia
338 . ‡avolume ‡bnc ‡2rdacarrier
340 . ‡nlarge print ‡2rda
500 . ‡aOriginally published: New York : St. Martin's Press, 2016.
500 . ‡aIncludes recipes.
520 . ‡a"Three women suddenly find themselves together at their own very different crossroads working together at Cosmos, a shop that sells crystals, potions, candles, and hope. It will take hope, love, strength and a little bit of magic for them to find their way together"-- ‡cProvided by publisher.
650 0. ‡aFemale friendship ‡vFiction.
650 0. ‡aSelf-realization ‡vFiction.
650 0. ‡aLarge type books.
914 . ‡aSCP_jd
959 . ‡i32269000995285 ‡lF Har ‡aAdult - Fiction ‡tFiction ‡g38.00
852 . ‡p32269000995285 ‡jF Har ‡gAdult - Fiction ‡cFiction ‡y38.00 ‡bSBPL
901 . ‡a142093 ‡bUnknown ‡c142093 ‡tbiblio

Additional Resources